000 00530nam a2200229Ia 4500
003 OSt
005 20220912144337.0
006 a|||||r|||| 00| 0
007 ta
008 220909b |||||||| |||| 00| 0 eng d
020 _aSL0570854
024 _a196090
037 _cTextual
040 _aCSL
_beng
_cCSL
041 _aeng
082 _aY70aA, L5;1
100 _aDunn LC
245 0 _aRace science and society
700 _aDunn LC
942 _hY70aA, L5;1
_cTEXL
_2CC
999 _c5506
_d5506